| 000 | 00486nam a2200181Ia 4500 | ||
|---|---|---|---|
| 008 | 191130s2000##################000#0#eng## | ||
| 020 | _a9780074395578 | ||
| 040 |
_aACL _cACL |
||
| 082 | _a320 JAC | ||
| 100 | _aJacobks, William T | ||
| 245 |
_aPolitical science _cwilliam T.Jacobks |
||
| 260 |
_aNew York _bMaGraw-Hill _cc2000 |
||
| 300 | _aiv, 607 p. ; 24 cm | ||
| 650 | _aPolitical science | ||
| 990 | _a8021f924ac10000c4ca0a94219946281 | ||
| 991 | _a193600 | ||
| 999 |
_c387043 _d387043 |
||